000 00307nam a22001217a 4500
008 230321b |||||||| |||| 00| 0 eng d
020 _a99936-0-257-4
082 _a808.042
245 _aReading and Literature:
_bEnglish class V
260 _bRoyal Education Council
300 _a231 p.
_c24 cm
942 _2ddc
999 _c9432
_d9433